FIFA Best Players Per Year - Statistics

General Stats
  • This quiz has been taken 2,550 times
    610 since last reset
  • The average score is 35 of 70
Answer Stats
Player % Correct
Cristiano Ronaldo
98%
Lionel Messi
98%
Kylian Mbappé
96%
Erling Haaland
91%
Neymar
86%
Robert Lewandowski
80%
Manuel Neuer
79%
Mohamed Salah
77%
Vinícius Júnior
77%
Andrès Iniesta
76%
Rodri
76%
Xavi
76%
Luka Modrić
75%
Karim Benzema
74%
Kevin De Bruyne
74%
Ousmane Dembélé
73%
Sergio Ramos
73%
Virgil van Dijk
71%
Harry Kane
69%
Luis Suarez
68%
Thibaut Courtois
68%
Toni Kroos
68%
Jude Bellingham
67%
Lamine Yamal
67%
Wayne Rooney
62%
Ronaldinho
60%
Alisson
59%
Kaká
59%
Zlatan Ibrahimović
58%
Arjen Robben
57%
Gianluigi Buffon
57%
Gareth Bale
56%
Sadio Mané
56%
Franck Ribéry
54%
Iker Casillas
53%
Eden Hazard
51%
Thierry Henry
51%
Gianluigi Donnarumma
49%
Thiago Silva
48%
David Silva
47%
Steven Gerrard
47%
Carles Puyol
44%
Jan Oblak
42%
Marc-André ter Stegen
41%
Didier Drogba
40%
Vitinha
39%
N'Golo Kanté
38%
Robin van Persie
38%
Fernando Torres
35%
David Villa
32%
Fabio Cannavaro
31%
Rúben Dias
30%
David De Gea
29%
Jérôme Boateng
27%
Lautaro Martínez
27%
Gonzalo Higuaín
26%
John Terry
25%
Nemanja Vidić
25%
Florian Wirtz
21%
Petr Čech
20%
Radamel Falcao
19%
Alessandro Nesta
17%
Cesc Fabregas
17%
Diego Forlán
16%
Martin Ødegaard
16%
Cris
5%
Júlio César
5%
Zé Roberto
4%
David Trezeguet
2%
Grégory Coupet
1%
No matching quizzes found
Score Distribution
Percent of People with Each Score
Percentile by Number Answered
Your Score History
You have not taken this quiz since the last reset